000 00557nam a2200193Ia 4500
005 20260120124610.0
008 008 260114s9999 xx 000 0 eng d
020 _a9781848554689
037 _aEBOOK
040 _aCRL
_beng
_cCRL
041 _aeng
_2eng
084 _qCRL
100 _aTamer Cavusgil
_9908223
245 0 _aNew Challenges to International Marketing
260 _bEmerald Publishing
_c2009
856 _uhttps://www.emerald.com/insight/publication/doi/10.1108/S1474-7979(2009)20
942 _cEBOOK
999 _c1500113
_d1500113